000
00259nam a22001217a 4500
082
_a
425
_b
KUM/W
100
_a
KUMAR,RAMESH
245
_a
WORD POWER MADE EASY
260
_a
DELHI
_b
M.B.D PUBLISHERS
300
_a
704
650
_a
VOCABULARY
_z
DELHI
942
_c
BK
999
_c
3859
_d
3859